Memoria / (Record no. 164515)

MARC details
000 -LEADER
campo de control de longitud fija 00897nam a22002055i 4500
001 - NÚMERO DE CONTROL
campo de control 164515
003 - IDENTIFICADOR DE NÚMERO DE CONTROL
campo de control ES-MaACL
005 - FECHA Y HORA DE LA ÚLTIMA TRANSACCIÓN
campo de control 20250903053812.0
008 - DATOS DE LONGITUD FIJA--INFORMACIÓN GENERAL
campo de control de longitud fija 050805s1890 sp | |||||||| ||spa d
040 ## - FUENTE DE CATALOGACIÓN
Centro catalogador/agencia de origen CAM
Lengua de catalogación spa
Centro/agencia transcriptor CAM
100 1# - ENTRADA PRINCIPAL--NOMBRE DE PERSONA
Nombre de persona San Martín y Falcón, José de.
9 (RLIN) 102276
245 10 - MENCIÓN DEL TÍTULO
Título Memoria /
Mención de responsabilidad, etc. leída por José de San-Martín y Falcón, en la Junta general celebrada por la misma el 31 de Enero de 1890.
260 ## - PUBLICACIÓN, DISTRIBUCIÓN, ETC.
Lugar de publicación, distribución, etc. Madrid :
Nombre del editor, distribuidor, etc. [s.n.],
Fecha de publicación, distribución, etc. 1890 (
Fabricante Tipografía de Gregorio Estrada)
300 ## - DESCRIPCIÓN FÍSICA
Extensión 48 p. ;
Dimensiones 23 cm.
500 ## - NOTA GENERAL
Nota general Precede al tít.: Asociación Nacional de Ingenieros Industriales.
610 27 - PUNTO DE ACCESO ADICIONAL DE MATERIA--NOMBRE DE ENTIDAD CORPORATIVA
Nombre de entidad corporativa o nombre de jurisdicción como elemento de entrada Asociación Nacional de Ingenieros Industriales (España)-
Subdivisión de forma Memorias
Fuente del encabezamiento o término
9 (RLIN) 134135
710 2# - ENTRADA AGREGADA--NOMBRE DE ENTIDAD CORPORATIVA
Nombre de entidad corporativa o nombre de jurisdicción como elemento de entrada Asociación Nacional de Ingenieros Industriales (España)
9 (RLIN) 1761
852 ## - LOCALIZACIÓN
Ubicación ES-MaACL
Número de control de estantería T-553-F-11
Nota libre -- Enc. hol. conservando la cub. original
Holdings
Estatus retirado Estado de pérdida Estado de daño No para préstamo Colección Biblioteca de origen Biblioteca actual Ubicación en estantería Fecha de adquisición Total de préstamos Signatura topográfica completa Código de barras Visto por última vez Precio de reemplazo Tipo de ítem Koha
        Colección de folletos Biblioteca del Ateneo de Madrid Biblioteca del Ateneo de Madrid Depósito folletos 17/01/2008   T-553-F-11 1172450 23/02/2023 23/02/2023 Folleto